Statistics for Musical Knowledge #1

Click here to take the quiz!

General Stats

  • This quiz has been taken 40 times
  • The average score is 4 of 15

Answer Stats

Hint Answer % Correct
Is Birdman Lil Wayne's biological father?No
75%
"Sends shivers down my spine, body's aching all the time..." is a line from what Queen song?Bohemian Rhapsody
64%
What is the name of Tom Petty's band?Heartbreakers
47%
"The Boys Are Back In Town" is a rock song sung by what band?Thin Lizzy
39%
What band is named after an ancient torture device?Iron Maiden
36%
Who sang "Come On Eileen"?Dexys Midnight Runners
28%
Who sings the song "Stranglehold"?Ted Nugent
22%
What band had a music video featuring the main character wearing deer antlers?Fall Out Boy
22%
Which famous rocker was arrested for urinating on the Alamo?Ozzy Osbourne
19%
In what state was rapper Ludacris born?Illinois
14%
"No woman, No cry" was a song made popular by Bob Marley. What reggae/punk band did a cover of this song?Sublime
11%
What is rapper Gucci Mane's real name?Radric Davis
8%
Who sings "Frankenstein"?The Edgar Winter Group
6%
Name the recreational activity that Tupac was apart of before he made it as a famous rapper.Ballet
3%
Name Jimi Hendrix's favorite guitarist.Billy Gibbons
0%

Score Distribution

Percentile by Number Answered

Percent of People with Each Score

Your Score History

You have not taken this quiz